000 00791nam a22002297a 4500
005 20150810110120.0
010 _aENG-113587
020 _a9780415523042
_c995.00
035 _aEN-97119
037 _bDBAD/PUB
082 _a306.4
245 _aEmotions in rituals and performances /
_cedited by Axel Michaels [and] Christoph Wulf
260 _aNew Delhi
_bRoutledge
_c2012
270 _a912 Tolstoy House, 15-17 Tolstoy Marg, Connaught Place
_bNew Delhi
_e110001
300 _ax,460p. :
_c24cm(Hb)
_bill.(some col.)
490 _aSouth Asian and European perspectives on rituals and performativity
500 _a Includes bibliographical references.
520 _a On the
700 _aMichaels, Axel
700 _aWulf, Christoph
942 _2ddc
_cEN
_mEMO
_h306.4
999 _c95161
_d95161